African women's movements : transforming political landscapes / (Record no. 397)

000 -LEADER
fixed length control field 01640cam a2200361 a 4500
001 - CONTROL NUMBER
control field 15208973
003 - CONTROL NUMBER IDENTIFIER
control field OSt
005 - DATE AND TIME OF LATEST TRANSACTION
control field 20140116120826.0
008 - FIXED-LENGTH DATA ELEMENTS--GENERAL INFORMATION
fixed length control field 080306s2009 enk b 001 0 eng
010 ## - LIBRARY OF CONGRESS CONTROL NUMBER
LC control number 2008010513
020 ## - INTERNATIONAL STANDARD BOOK NUMBER
International Standard Book Number 9780521704908
035 ## - SYSTEM CONTROL NUMBER
System control number (OCoLC)ocn213384935
035 ## - SYSTEM CONTROL NUMBER
System control number (OCoLC)213384935
Canceled/invalid control number (OCoLC)227031820
040 ## - CATALOGING SOURCE
Original cataloging agency DLC
Transcribing agency DLC
Modifying agency BAKER
-- YDXCP
-- BTCTA
-- C#P
-- CDX
-- BWX
-- BWK
-- DLC
043 ## - GEOGRAPHIC AREA CODE
Geographic area code f------
050 00 - LIBRARY OF CONGRESS CALL NUMBER
Classification number HQ1788.A37 2009
245 00 - TITLE STATEMENT
Title African women's movements : transforming political landscapes /
Statement of responsibility, etc Aili Mari Tripp ... [et al.].
260 ## - PUBLICATION, DISTRIBUTION, ETC. (IMPRINT)
Place of publication, distribution, etc Cambridge :
Name of publisher, distributor, etc Cambridge University Press,
Date of publication, distribution, etc 2009.
300 ## - PHYSICAL DESCRIPTION
Extent xvi, 263 p. :
Dimensions ill.
504 ## - BIBLIOGRAPHY, ETC. NOTE
Bibliography, etc Includes bibliographical references and index.
505 0# - FORMATTED CONTENTS NOTE
Formatted contents note Historic influences on contemporary women's movements -- The rise of the new women's movements -- The challenge of new women's movements -- Women's movements and constitutional and legislative challenges -- In pursuit of equal political representation -- Engendering the state bureaucracy -- Women's movements negotiating peace -- African women's movements and the world.
650 #0 - SUBJECT ADDED ENTRY--TOPICAL TERM
Topical term or geographic name as entry element Feminism
Geographic subdivision Africa.
650 #0 - SUBJECT ADDED ENTRY--TOPICAL TERM
Topical term or geographic name as entry element Women's rights
Geographic subdivision Africa.
650 #0 - SUBJECT ADDED ENTRY--TOPICAL TERM
Topical term or geographic name as entry element Women
General subdivision Political activity.
700 1# - ADDED ENTRY--PERSONAL NAME
Personal name Tripp, Aili Mari.
700 1# - ADDED ENTRY--PERSONAL NAME
Personal name Casimiro, Isabel
700 1# - ADDED ENTRY--PERSONAL NAME
Personal name Kwesiga, Joy
700 1# - ADDED ENTRY--PERSONAL NAME
Personal name Mungwa, Alice
856 41 - ELECTRONIC LOCATION AND ACCESS
Materials specified Table of contents only
Uniform Resource Identifier <a href="http://www.loc.gov/catdir/toc/ecip0813/2008010513.html">http://www.loc.gov/catdir/toc/ecip0813/2008010513.html</a>
906 ## - LOCAL DATA ELEMENT F, LDF (RLIN)
a 7
b cbc
c orignew
d 1
e ecip
f 20
g y-gencatlg
942 ## - ADDED ENTRY ELEMENTS (KOHA)
Source of classification or shelving scheme
Koha item type Book
Holdings
Withdrawn status Lost status Source of classification or shelving scheme Damaged status Not for loan Home library Current library Date acquired Source of acquisition Total Checkouts Full call number Barcode Date last seen Date checked out Copy number Price effective from Koha item type Total Renewals
          Riara University Library Riara University Library 18/10/2011 Purchase 11 HQ1788.A37 2009 1329/11 11/12/2019 12/09/2019 C.1 18/10/2011 Book  
          Riara University Library Riara University Library 18/10/2011 Purchase 17 HQ1788.A37 2009 1328/11 24/06/2017 16/06/2017 C.2 18/10/2011 Book 3
          Riara University Library Riara University Library 18/10/2011 Purchase 12 HQ1788.A37 2009 1330/11 06/07/2021 13/12/2016 C.3 18/10/2011 Book 2

Riara University Library,
P.O. Box 49940-00100,
Nairobi, Kenya.